Geography Quiz

Random Geography or Year Quiz

Countries of Europe: 1600 Quiz Stats

 Plays Quiz not verified by Sporcle

Score 0/20 Timer 10:00
0 Plays Today
% Correct
Spain
99%
France
98.8%
England
98.5%
Scotland
97.9%
Russia
97.8%
Sweden
97.4%
Denmark
97.2%
Ottoman Empire
96.1%
Netherlands
95.1%
Poland-Lithuania
92.9%
% Correct
Austria
90.4%
Monaco
90.2%
Holy Roman Empire
89.5%
Knights of Malta
85.9%
Venice
79%
Papal States
78%
Tuscany
62.1%
San Marino
59.8%
Genoa
58.1%
Savoy
44.7%

You're not logged in!

Compare scores with friends on all Sporcle quizzes.
OR
Log In

Sporcle TV

Today on Sporcle TV


Watch our educational content, quiz creation guides, and fun videos on Sporcle TV.

Show Comments

Extras

Top Quizzes Today


Score Distribution

Your Account Isn't Verified!

In order to create a playlist on Sporcle, you need to verify the email address you used during registration. Go to your Sporcle Settings to finish the process.

Report this User

Report this user for behavior that violates our Community Guidelines.

Details: